Представление документа в формате RUSMARC

ПолеНазваниеЗначение
  Тип записи a
  Библиографический уровень a
001 Контрольный номер UONB/MAIN/f20de1d68c3444ebaadbc8e017010cd3
005 Дата корректировки 20260428171529.3
100 Данные общей обработки __
a Данные общей обработки 20260428 ||| 0rusy0189 ca
101 Язык документа 0_
a Язык текста rus
102 Страна публикации __
a Страна публикации RU
200 Заглавие и сведения об ответственности 1_
a Заглавие Её предназначение - быть учителем
f Первые сведения об ответственности Н. Скорнякова
203 Вид содержания и тип средства __
a Вид содержания Текст
b Характеристика содержания визуальный
c Тип средства непосредственный
215 Физическое описание __
c Иллюстрации/тип воспроизводства ил., портр.
330 Аннотация __
a Аннотация Тамара Ивановна Севастьянова - педагог Скугареевской средней школы.
461 Уровень набора _0
1 2000
a Тереньгульские вести
463 Уровень физической единицы _0
1 2000
a № 12 (11255) (20 марта)
v С. 6
1 2101
d 2026
1 001UONB/MAIN/c8a11deeeff14aafa4bf42f1a5debaf5
600 Персоналии _1
a Персоналии (Фамилия) Севастьянова
b Персоналии (Имя, инициалы) Т. И.
g Полное имя Тамара Ивановна
601 Наименование организации как предмет 02
a Наименование организации как предмет Скугареевская средняя школа
607 Географические рубрики __
a Географическое наименование Скугареевка, село (Тереньгульский район ; Ульяновская область)
610 Ключевые слова 0_
a Ключевые слова педагоги; учителя; учителя математики; биографии учителей
686 Индексы других классификаций __
2 Код системы rubbk
a Классификационный индекс 74.037-8
700 Автор _1
a Фамилия Скорнякова
b Имя (инициалы) Н.
801 Источник записи _0
a Страна RU
b Организация Ульяновская ОНБ
c Дата составления 20260428
g Правила каталогизации RCR
801 Источник записи _1
a Страна RU
b Организация Ульяновская ОНБ
c Дата составления 20260428
g Правила каталогизации RCR
901 Тип документа __
t Тип документа f
w Контрольный № источника UONB/MAIN/c8a11deeeff14aafa4bf42f1a5debaf5
909 Создатель записи __
a Создатель записи Мухаметжанова
b Дата создания записи 20260428